000 00514nam a2200181 4500
001 120783
003 ES-MaACL
005 20230906191625.0
007 t|
008 070214s1956 sp r ||||1| spa d
100 1 _aPolnay, Peter de.
_992852
245 1 0 _aDos espejos /
_cPeter de Polnay ; versión española de Jorge León.
250 _a1ª. ed.
260 _aBarcelona :
_bLuis de Caralt,
_c1956.
300 _a255 p. ;
_c18 cm.
700 1 _aLeón, Jorge.
_971577
852 _aES-MaACL
_jC-12091
_bR.39979
999 _c120783
_d120783